000 00404nam a2200169Ia 4500
005 20250423100943.0
008 250422s9999 xx 000 0 und d
020 _a0-387-94553-9
100 _aBerztiss Alfs
245 0 _aSoftware Methods for Business Reengineering
260 _aNew York
260 _bSpringa
260 _c275
300 _a274 p
650 _aSoftware Engineering
942 _cBK
999 _c34849
_d34849